Countries chain - Statistics

General Stats
  • This quiz has been taken 34 times
  • The average score is 13 of 15
Answer Stats
Hint Answer % Correct
Which landlocked country is located between China and India in the Himalayas? Nepal
100%
Which country, known as the only nation to occupy an entire continent, is surrounded by the Indian and Pacific Oceans and is home to unique wildlife such as kangaroos and koalas? Australia
97%
Which Central American country, known for its Mayan heritage and volcanic landscapes, shares borders with Mexico, Belize, Honduras, and El Salvador? Guatemala
97%
What is the small, landlocked country in Europe, bordered by Belgium, Germany, and France? Luxembourg
97%
What is the country located on the southeastern coast of the Arabian Peninsula, bordered by Yemen, Saudi Arabia, and the Arabian Sea? Oman
97%
What is the smallest country in West Africa that borders Ghana and Benin? Togo
93%
Which South American country is bordered by Brazil, Argentina, and the Atlantic Ocean? uruguay
93%
Which Middle Eastern country is located on the southern tip of the Arabian Peninsula, bordering Saudi Arabia and the Red Sea? Yemen
90%
Which country is located in the Horn of Africa and is known for its strategic port and diverse wildlife, including the unique Lake Assal? Djibouti
87%
Which country is known for its stunning landscapes, Maori culture, and as the filming location for "The Lord of the Rings"? New Zealand
87%
Which Southeast Asian country is renowned for its beautiful beaches, rich culture, and delicious cuisine, including dishes like Pad Thai and green curry? Thailand
87%
Which landlocked country in South Asia is known for its rugged terrain, located at the crossroads of Central and South Asia? Afghanistan
83%
Which West African country is famous for its cocoa production and has a vibrant cultural heritage, including traditional music and art? Ivory Coast
83%
Which small island country in the Pacific Ocean is the third smallest country in the world by area? Nauru
83%
Which Caribbean nation shares the island of Hispaniola with Haiti and is known for its beautiful beaches and vibrant music? Dominican Republic
40%
No matching quizzes found
Score Distribution
Percent of People with Each Score
Percentile by Number Answered
Your Score History
You have not taken this quiz